000 01164nam a2200337 i 4500
001 198230
003 ES-MaACL
005 20260416135546.0
007 ta
008 260416s1921 sp ||||| |||| 001 0 spa d
040 _aES-MaACL
_bspa
_cES-MaACL
_erda
080 _a821.134.2-31"19"
100 1 _aMartínez Sierra, Gregorio,
_d1881-1947
_4aut
_978429
_eaut
245 1 3 _aLa selva muda /
_cG. Martínez Sierra
264 1 _aMadrid :
_bEditorial Saturnino Calleja,
_c1921
300 _a233 páginas ;
_c19 cm
336 _2rdacontent
_aTexto
337 _2rdamedia
_asin mediación
338 _2rdacarrier
_avolumen
490 0 _aObras completas de G. Martínez Sierra
500 _aRegistro provisional
500 _aObras en colaboración entre Gregorio Martínez Sierra y María Lejárraga (María Martínez Sierra)
500 _aEjemplar con ex libris de Mimi Cabot en el verso de la tapa
500 _aÍndice
655 4 _aNovelas románticas
_9233957
700 1 _aMartínez Sierra, María,
_d1874-1974
_4aut
_978430
_eaut
852 _aES-MaACL
_cDES
_jDB-120
_xEncuadernación rústica
942 _cMONOGRAFIA
_n0
999 _c198230
_d198230